01686nam a22002657a 4500003000900000008004100009040007100050082002500121110005500146245006800201260003500269300005500304440004700359505070600406650002601112650002401138650003001162700003001192700002801222700003201250700002501282700002701307700003101334710005501365AR-CdUCM190425b ||||| |||| 00| 0 spa d aMUNICIPALIDAD PROVINCIAL DEL CUSCOcBIBLIOTECA MUNICIPAL DEL CUSCO aRev.Univ/N°141/2012 aUniversidad Nacional de San Antonio Abad del Cusco aRevista Universitaria :bÓrgano de la Universidad del Cuzco / aCusco :bUniversitaria,c2012. a348 páginas. :bilustraciones en color ;c29 cm. aRevista UniversitarianAño 2013, N°141. aContenido: El Inca Garcilaso de la Vega. José Gabriel Cosio Medina. -- El Inca Garcilaso de la Vega. Alfredo Yépez Miranda. -- Garcilaso, el cuzqueño. Julio Gutiérrez Loaiza. -- Garcilaso de la Vega. Fortunato L. Herrera. -- El dialogo posible entre el inca Garcilaso de la Vega y Felipe Guamán Poma de Ayala. Enrique Rozas Paravicino -- Releyendo al Inca Garcilaso. -- Antecedentes del indigenismo reforma universitaria y escuela cusqueña. -- Flora xerofítica de la cuenca de Apurímac Limatambo Curahuasi. -- Vocalizaciones típicas de aves silvestres en el valle sur del Cusco. -- Piedras nieve y agua en el santuario de Qoyllur Rit´i. -- Eulogio Nishiyama fotógrafo del Cusco... aBotánica cusqueña aFolklore cusqueño aInca Garcilaso de la Vega aRosas Paravicino, Enrique aPantoja Palomino, Mario aCáceres Chalco, Efraín  aParedes Pando, Oscar aCosio Cuentas, Pompeyo aTupayachi Herrera, Alfredo aUniversidad Nacional de San Antonio Abad del Cusco